Direito, estado e sociedade

Detalles Bibliográficos
Autor Corporativo: Pontifc̕ia Universidade Catl̤ica do Rio de Janeiro
Formato: Desconocido
Lenguaje:portugués
Publicado: Rio de Janeiro : Departamento de Ciencias Jurd̕icas, Pontifc̕ia Universidade Catl̤ica do Rio de Janeiro
Materias:
Acceso en línea:Acceso restringido

MARC

LEADER 00000ny a22000003n 4500
005 2011051309419.0
008 990428c1991 bl fr p g 0 0por d
010 |a 99109811 
022 |a 1516-6104 
035 |a 4916 
040 |a WU-L  |c WU-L  |d vLex 
050 0 0 |a K4  |b .I69187 
050 0 0 |a K4  |b .I69187 
090 |c 1860  |d 1860 
245 0 0 |a Direito, estado e sociedade  |h [Recurso electrn̤ico]  |c Pontifc̕ia Universidade Catl̤ica do Rio de Janeiro, Departamento de Ciãencias Jurd̕icas 
256 |a Servicio en ln̕ea 
260 |a Rio de Janeiro :  |b Departamento de Ciencias Jurd̕icas, Pontifc̕ia Universidade Catl̤ica do Rio de Janeiro 
310 |a Semestral 
506 1 |a Contenido solo disponible en los productos indicados  |d vLex Global  |d vLex Global (Academic Edition, excluding Law Schools)  |d vLex Global (U.S. Academic Edition, Law Schools)  |d vLex Global (U.S. Academic Edition, excluding Law Schools)  |d vLex Global (Academic Edition, Law Schools) 
651 4 |a Brasil  |x Condiciones sociales  |x Publicaciones perid̤icas 
651 4 |a Brasil  |x Polt̕ica y gobierno  |x Publicaciones perid̤icas 
710 2 |a Pontifc̕ia Universidade Catl̤ica do Rio de Janeiro 
740 0 |a vLex Revista (Servicios en ln̕ea) 
843 |a Electrn̤ica. Abierta 
853 |8 1  |i (year)  |j (month)  |k (day) 
856 4 0 |u http://vlex.com/source/4916  |z Acceso restringido 
942 |c REV 
999 0 |a Brazil  |v Periodicals. 
999 0 |a Brazil  |v Periodicals. 
999 0 |a Law reviews  |z Brazil. 
999 0 |a Law  |z Brazil  |v Periodicals.